| 000 | 00911nam a22002657i 4500 | ||
|---|---|---|---|
| 005 | 20251124123451.0 | ||
| 008 | 250906s2024 iq ||||gr|||| 00| 0 ara d | ||
| 020 | _a9789922721033 | ||
| 040 |
_aJO-AmGAM _erda |
||
| 041 | 1 |
_aara _heng |
|
| 082 | 1 | 4 |
_a158.7 _bج ا ي |
| 100 | 1 |
_aجاي، مايك _eمؤلف. |
|
| 245 | 1 | 2 |
_aالرواد النفسيون : _bالمواد المخدرة وتشكيل العقل الحديث / _cمايك جاي ؛ ترجمة بندر الحربي. |
| 250 | _aالطبعة الأولى. | ||
| 264 | 3 | 1 |
_aبغداد : _bالرافدين، _c2024. |
| 300 | _a472 صفحة. | ||
| 336 |
_2rdacontent _aنص _btxt |
||
| 337 |
_2rdamedia _aدون وسيط عرض _bn |
||
| 338 |
_2rdacarrier _aمجلد _bnc |
||
| 650 | 1 | 7 | _aعلم النفس. |
| 650 | 1 | 7 | _aالمخدرات. |
| 700 | 1 |
_aالحربي، بندر _eمترجم. |
|
| 942 |
_2ddc _cBK |
||
| 999 |
_c247345 _d247345 |
||